000 00692nam a2200265 a 4500
001 vtls001529442
003 NLI
005 20210627144832.0
008 121212s1950 cc 000 0 eng
039 9 _y201212121622
_zVLOAD
040 0 _aNLI
_beng
_cXData_1
_eAACR2
041 0 _aeng
044 _acc
082 _a174
100 0 _aTsao Ming
_9759780
245 1 4 _aThe moving force /
_cby Tsao Ming
260 _aPeking :
_bCultural Press,
_c1950
300 _a214 p. ;
_c18 cm.
650 0 _aJapainese literature
887 _a
901 _aIMP305762
_b14.09.1955
902 _a174 D 287
949 _AVIRTUAITEM
_D10000
_X100
_6IMP000305762ENG
942 _2ddc
_cBKS
999 _aVIRTUA40
_c977988
_d977988